=LDR 00000nam 2200000 4500 =001 INLIS000000000047221 =005 20150912140352.0 =006 =007 =008 =020 ##$$a 979-489-372-2 =035 ##$$0010-091500000000051 =040 ##$$a ind =082 ##$$a 664.8 =090 ##$$a 664.8 $b Sja =100 ##$$a Sjaifullah =245 ##$$a Petunjuk memilih buah segar =250 ##$$a cet.2 =260 ##$$a Jakarta $b Penebar Swadaya $c 1997 =300 ##$$a viii, 100 hlm $c 23 cm =850 ##$$a NBPDMAT =990 ##$$a 0001/BPAP-NTB/2015